El lenguaje corporal del niño preescolar /
Guardado en:
| Autor Principal: | |
|---|---|
| Otros Autores: | |
| Formato: | Libro |
| Publicado: |
Buenos Aires :
Ricordi Americana,
1978
|
| Materias: | |
| Etiquetas: |
Agregar Etiqueta
Sin Etiquetas, Sea el primero en etiquetar este registro!
|
| LEADER | 00696nam a22002175a 4500 | ||
|---|---|---|---|
| 001 | CEM.cems003452 | ||
| 008 | 130507s1978##################000#0#####d | ||
| 005 | 20241210123330.0 | ||
| 245 | 1 | 0 | |a El lenguaje corporal del niño preescolar / |c Perla Jaritonsky, Carlos Gianni |
| 260 | |a Buenos Aires : |b Ricordi Americana, |c 1978 | ||
| 300 | |a 29 p. | ||
| 500 | |a Apendice: Partituras para canto y piano | ||
| 505 | 0 | |a Guía didáctica | |
| 100 | 1 | |a Jaritonsky, Perla | |
| 700 | 1 | |a Gianni, Carlos | |
| 082 | 0 | 4 | |a 372.21 |
| 653 | |a Educación | ||
| 653 | |a Educación preescolar | ||
| 653 | |a Educación inicial | ||
| 653 | |a Expresión corporal | ||
| 859 | |a CEMS |b BIB. CEMS - 11 de abril |h 372.21 |i J280 |p 20889.00 |t Ej.2 | ||
